00426nam a22001337a 4500003000500000038001800005082000800023100002400031245009000055264003300145650001800178700003900196856005700235NUST aNusrat Nadeem a200 aAhmed, Syed Hasnain aImpact of Female Directors on the Firm Performance in Pakistan/cSyed Hasnain Ahmed,  aIslamabad:bNBS NUST.c2025. aExecutive MBA aSupervisor: Dr. Mian Rehman Ud Din uhttp://10.250.8.41:8080/xmlui/handle/123456789/54565